One Piece - Personnages combattant lors de l'arc Île des Hommes-Poissons - Statistiques

Statistiques générales
  • Ce quiz a été pris 462 fois
  • Le résultat moyen est 17 sur 33
Statistiques - réponses
Réponse % Correct
Monkey D. Luffy
99%
Roronoa Zoro
99%
Nami
98%
Nico Robin
98%
Tony Tony Chopper
98%
Usopp
98%
Vinsmoke Sanji
98%
Brook
97%
Franky
97%
Neptune
86%
Jinbei
85%
Hody Jones
83%
Vander Decken IX
68%
Pekoms
66%
Fukaboshi
51%
Wadatsumi
44%
Manboshi
41%
Ryuboshi
36%
Caribou
33%
Zeo
32%
Hachi
31%
Daruma
28%
Surume
27%
Dosun
25%
Ministre de la Droite
23%
Ministre de la Gauche
22%
Hyouzou
21%
Hammond
15%
Icaros Mucchi
14%
Gyro
10%
Kasagoba
7%
Harisenbon
5%
Ankoro
3%
Aucun quiz correspondant
Distribution des résultats
% des personnes avec chaque résultat
Percentile par nombre de réponses
Votre historique - résultats
Vous n’avez pas pris ce quiz